Language Quiz

Random Language or Latin Quiz
Score 0/59 Timer 20:00
0 Plays Today
Verb Principle Parts % Correct
ardeoardeo, ardere, arsi
100%
claudoclaudo, claudere, clausi, clausum
100%
dividodivido, dividere, divisi, divisum
100%
evadoevado, evadere, evasi, evasum
100%
ludoludo, ludere, lusi, lusum
100%
mittomitto, mittere, misi, missum
100%
amittoamitto, amittere, amisi, amissum
100%
committocommitto, committere, commisi, commissum
100%
dimittodimitto, dimittere, dimisi, dimissum
100%
permittopermitto, permittere, permisi, permissum
100%
promittopromitto, promittere, promisi, promissum
100%
remittoremitto, remittere, remisi, remissum
100%
persuadeopersuadeo, persuadere, persuasi
100%
rideorideo, ridere, risi, risum
100%
dicodico, dicere, dixi, dictum
100%
ducoduco, ducere, duxi, ductum
100%
adducoadduco, adducere, adduxi, adductum
100%
deducodeduco, deducere, deduxi, deductum
100%
iubeoiubeo, iubere, iussi, iussum
88.9%
educoeduco, educere, eduxi, eductum
88.9%
reducoreduco, reducere, reduxi, reductum
88.9%
cedocedo, cedere, cessi, cessum
77.8%
accedoaccedo, accedere, accessi, accessum
77.8%
concedoconcedo, concedere, concessi, concessum
77.8%
discedodiscedo, discedere, discessi, discessum
77.8%
procedoprocedo, procedere, processi, processum
77.8%
surgosurgo, surgere, surrexi
77.8%
trahotraho, trahere, traxi, tractum
77.8%
maneomaneo, manere, mansi, mansum
77.8%
remaneoremaneo, remanere, remansi, remansum
77.8%
Verb Principle Parts % Correct
scriboscribo, scribere, scripsi, scriptum
77.8%
sumosumo, sumere, sumpsi, sumptum
77.8%
spectospecto, spectare, spectavi, spectatum
66.7%
aspicioaspicio, aspicere, aspexi, aspectum
66.7%
conspicioconspicio, conspicere, conspexi, conspectum
66.7%
respiciorespicio, respicere, respexi, respectum
66.7%
tegotego, tegere, texi, tectum
66.7%
vehoveho, vehere, vexi, vectum
66.7%
augeoaugeo, augere, auxi, auctum
55.6%
cingocingo, cingere, cinxi, cinctum
55.6%
diligodiligo, diligere, dilexi, dilectum
55.6%
figofigo, figere, fixi, fixum
55.6%
fluofluo, fluere, fluxi, fluxum
55.6%
intellegointellego, intellegere, intellexi, intellectum
55.6%
neglegoneglego, neglegere, neglexi, neglectum
55.6%
regorego, regere, rexi, rectum
55.6%
haereohaereo, haerere, haesi, haesum
55.6%
fingofingo, fingere, finxi, fictum
44.4%
flectoflecto, flectere, flexi, flexum
44.4%
instruoinstruo, instruere, instruxi, instructum
44.4%
iungoiungo, iungere, iunxi, iunctum
44.4%
speciospecio, specere, spexi, spectum
44.4%
spargospargo, spargere, sparsi, sparsum
33.3%
torqueotorqueo, torquere, torsi, tortum
33.3%
vivovivo, vivere, vixi, victum
33.3%
contemnocontemno, contemnere, contempsi, contemptum
33.3%
gerogero, gerere, gessi, gestum
33.3%
premopremo, premere, pressi, pressum
33.3%
opprimoopprimo, opprimere, oppressi, oppressum
33.3%
Remove Ads.
Support Sporcle.
Get the best of Sporcle when you Go Orange. This ad-free experience offers more features, more stats, and more fun while also helping to support Sporcle. Thank you for becoming a member.

You're not logged in!

Compare scores with friends on all Sporcle quizzes.
OR
Log In

Show Comments

Extras

Created Oct 3, 2019ReportNominate
Tags:Latin Quiz, principle, Verb

Top Quizzes Today


Score Distribution

Your Account Isn't Verified!

In order to create a playlist on Sporcle, you need to verify the email address you used during registration. Go to your Sporcle Settings to finish the process.

Report this User

Report this user for behavior that violates our Community Guidelines.

Details: